| History - World | 0 | 5 | 0 | 1 | 50 | 70 | 97.20 | 3 | 3 |
| History - Other | 0 | 4 | 0 | 1 | 40 | 52 | 82.50 | 2 | 3 |
| Science - Physics | 0 | 3 | 0 | 1 | 30 | 57 | 84.00 | 0 | 1 |
| Literature - British poetry | 0 | 2 | 0 | 1 | 20 | 71 | 89.00 | 0 | 2 |
| History - European | 0 | 2 | 0 | 2 | 20 | 132 | 138.00 | 0 | 0 |
| Art - Other | 0 | 2 | 0 | 2 | 20 | 90 | 100.50 | 0 | 1 |
| History - American | 0 | 2 | 0 | 0 | 20 | 105 | 108.00 | 0 | 0 |
| Literature - American poetry | 0 | 1 | 0 | 0 | 10 | 100 | 100.00 | 0 | 0 |
| Literature - British drama | 0 | 1 | 0 | 1 | 10 | 132 | 132.00 | 0 | 0 |
| Literature - British long fiction | 0 | 1 | 0 | 0 | 10 | 75 | 75.00 | 1 | 1 |
| Literature - British short fiction | 0 | 1 | 0 | 0 | 10 | 98 | 98.00 | 0 | 1 |
| Literature - European poetry | 0 | 1 | 0 | 0 | 10 | 35 | 35.00 | 0 | 1 |
| Literature - World/Misc any | 0 | 1 | 0 | 1 | 10 | 115 | 115.00 | 0 | 0 |
| Literature - World/Misc long fiction | 0 | 1 | 0 | 0 | 10 | 135 | 135.00 | 0 | 0 |
| Social Science - Sociology | 0 | 1 | 0 | 0 | 10 | 75 | 75.00 | 0 | 1 |
| Art - Painting/Sculpture | 0 | 1 | 0 | 0 | 10 | 97 | 97.00 | 0 | 0 |
| Art - Visual | 0 | 1 | 0 | 0 | 10 | 103 | 103.00 | 0 | 1 |
| Current Events/Modern World - Mixed/Any | 0 | 1 | 0 | 0 | 10 | 90 | 90.00 | 1 | 1 |
| Geography - Asia | 0 | 1 | 0 | 1 | 10 | 129 | 129.00 | 0 | 0 |
| Literature - American drama | 0 | 1 | 0 | 1 | 10 | 134 | 134.00 | 0 | 0 |
| Literature - American long fiction | 0 | 1 | 0 | 0 | 10 | 93 | 93.00 | 0 | 0 |
| Religion - Christianity/Judaism | 0 | 1 | 0 | 0 | 10 | 120 | 120.00 | 0 | 0 |
| Religion - Hinduism | 0 | 1 | 0 | 0 | 10 | 83 | 83.00 | 0 | 1 |
| Religion - Islam | 0 | 1 | 0 | 1 | 10 | 142 | 142.00 | 0 | 0 |
| Science - Other | 0 | 1 | 0 | 1 | 10 | 139 | 139.00 | 0 | 0 |
| Science - Other/CL/Misc | 0 | 1 | 0 | 0 | 10 | 91 | 91.00 | 0 | 0 |
| Social Science - Psychology | 0 | 1 | 0 | 0 | 10 | 78 | 78.00 | 0 | 1 |
| Art - Music/Opera | 0 | 1 | 0 | 1 | 10 | 120 | 120.00 | 0 | 0 |
| Other Academic/Cross-Category - Any | 0 | 1 | 0 | 0 | 10 | 137 | 137.00 | 0 | 0 |
| Philosophy - Ancient | 0 | 1 | 0 | 0 | 10 | 74 | 74.00 | 1 | 1 |
| Philosophy - Enlightenment | 0 | 1 | 0 | 0 | 10 | 47 | 47.00 | 0 | 1 |
| Geography - Non-U.S. Americas | 0 | 0 | 0 | 0 | 0 | | 0.00 | 0 | 0 |
| Mythology - Greco/Roman | 0 | 0 | 1 | 0 | -5 | | 0.00 | 0 | 0 |
| Science - Biology | 0 | 0 | 1 | 0 | -5 | | 0.00 | 0 | 0 |
| Literature - World/Misc short fiction | 0 | 0 | 1 | 0 | -5 | | 0.00 | 0 | 0 |
| Philosophy - 20th century | 0 | 0 | 1 | 0 | -5 | | 0.00 | 0 | 0 |
| Philosophy - Mixed/Any | 0 | 0 | 1 | 0 | -5 | | 0.00 | 0 | 0 |
| Social Science - Economics | 0 | 0 | 2 | 0 | -10 | | 0.00 | 0 | 0 |